The crisis-woman : body politics and the modern woman in fascist Italy /

Bibliographic Details
Main Author: Chang, Natasha V., 1971- (Author)
Corporate Author: ebrary, Inc
Format: eBook
Language:English
Published: Toronto ; Buffalo : University of Toronto Press, [2015]
Series:Toronto Italian studies.
Subjects:
Online Access:Connect to the full text of this electronic book

MARC

Tag First Indicator Second Indicator Subfields
LEADER 00000cam a22000001i 4500
001 in00003533621
006 m |o d |
007 cr |n|||||||||
008 150406s2015 onca ob 001 0 eng d
005 20250816223716.1
020 |a 1442621192 (electronic bk.) 
020 |a 9781442621190 (electronic bk.) 
020 |z 9781442649675  |q bound 
020 |z 1442649674  |q bound 
035 |a (NhCcYBP)ebr11033467 
040 |a NhCcYBP  |c NhCcYBP  |d UtOrBLW 
043 |a e-it--- 
045 0 |a x2x4 
050 4 |a HQ1236.5.I8  |b C43 2015eb 
082 0 4 |a 305.42094509/043  |2 23 
100 1 |a Chang, Natasha V.,  |d 1971-  |e author. 
245 1 4 |a The crisis-woman :  |b body politics and the modern woman in fascist Italy /  |c Natasha V. Chang. 
264 1 |a Toronto ;  |a Buffalo :  |b University of Toronto Press,  |c [2015] 
300 |a 1 online resource. 
336 |a text  |b txt  |2 rdacontent 
337 |a computer  |b c  |2 rdamedia 
338 |a online resource  |b cr  |2 rdacarrier 
490 1 |a Toronto Italian studies 
504 |a Includes bibliographical references and index. 
588 |a Description based on print version record. 
500 |a Electronic resource. 
650 0 |a Fascism and women  |z Italy  |x History  |y 20th century. 
650 0 |a Women in popular culture  |z Italy  |x History  |y 20th century. 
650 0 |a Women  |z Italy  |x Social conditions  |y 20th century. 
651 0 |a Italy  |x Social conditions  |y 1918-1945. 
650 0 |a Fascism  |z Italy  |x History  |y 20th century. 
655 7 |a Electronic books.  |2 local 
710 2 |a ebrary, Inc. 
776 1 8 |c Original  |z 9781442649675  |z 1442649674 
830 0 |a Toronto Italian studies. 
856 4 1 |u https://ebookcentral.proquest.com/lib/tamucs/detail.action?docID=3297446  |y Connect to the full text of this electronic book  |t 0 
955 |a YBP purchased approval e-records 
980 |b 75.00  |g 1 
999 f f |s 707a6297-68c9-32d5-a30c-fdb91272a221  |i 0fa97768-1a0f-3e86-b5c5-634ed75f4fce  |t 0 
999 |a MARS 
952 f f |a Texas A&M University  |b College Station  |c Electronic Resources  |d Available Online  |t 0  |e HQ1236.5.I8 C43 2015eb  |h Library of Congress classification 
998 f f |a HQ1236.5.I8 C43 2015eb  |t 0  |l Available Online